Normal view
MARC view
- Lapiere.K.
Entry Personal Name
001 - CONTROL NUMBER
- control field: 2865
003 - CONTROL NUMBER IDENTIFIER
- control field: OSt
005 - DATE AND TIME OF LATEST TRANSACTION
- control field: 20170213122344.0
008 - FIXED-LENGTH DATA ELEMENTS
- fixed length control field: 170213|| aca||aabn | a|a d
040 ## - CATALOGING SOURCE
- Original cataloging agency: OSt
100 ## - HEADING--PERSONAL NAME
- Personal name: Lapiere.K.